Standard methods : for the examination of water and wastewater

Αποθηκεύτηκε σε:
Λεπτομέρειες βιβλιογραφικής εγγραφής
Συλλογικό Έργο: American Public Health Association, American Water Works Association, Water Environment Federation
Άλλοι συγγραφείς: Clesceri, Lenore S. (Επιμελητής έκδοσης)
Μορφή: Βιβλίο
Γλώσσα:English
Δημοσίευση: Washington : American Public Health Association, 1998
Έκδοση:20th ed.
Θέματα:
Ετικέτες: Προσθήκη ετικέτας
Δεν υπάρχουν, Καταχωρήστε ετικέτα πρώτοι!

MARC

LEADER 00000nam a2200000 i 4500
001 1/20184
008 051129s1998 eng d
020 |a 0-87553-235-7 
035 |l 10081549 
040 |a GR-MY-UA  |b gre  |e aacr 
041 0 |a eng 
082 0 |a 628.161 
110 2 |a American Public Health Association. 
245 1 0 |a Standard methods :  |b for the examination of water and wastewater /  |c American Public Health Association ; American Water Works Association ; Water Environment federation ; edited by Lenore S. Clesceri ...[et.al.] 
250 |a 20th ed. 
260 |a Washington :   |b American Public Health Association,   |c 1998 
300 |a ποικίλα αρίθμηση;  |b εικ. ;  |c 29 εκ. 
500 |a Προετοιμάστηκε και εκδόθηκε απο κοινού με : American Public Health Association. American Water Works Association. Water Environment Federation. 
504 |a Περιέχει βιβλιογραφία και ευρετήριο 
650 0 0 |a Water-supply  |x Analysis. 
650 0 0 |a Sewage  |x Analysis. 
650 0 0 |a Water  |x Pollution. 
650 0 0 |a Water  |x Analysis. 
700 1 |a Clesceri, Lenore S.  |4 edt 
710 2 |a American Water Works Association. 
710 2 |a Water Environment Federation. 
852 |a INST  |b LESVOS  |e 20051129  |h 628.161 STA  |p 005100033658  |q 005100033658  |t BK  |y 0 
852 |a INST  |b LESVOS  |e 20051129  |h 628.161 STA  |p 005100033659  |q 005100033659  |t BK  |y 0 
852 |a INST  |b LESVOS  |e 20060307  |h 628.161 STA  |p 005100034679  |q 005100034679  |t BK  |y 0 
901 |a BIBL1-2005-3 
901 |a BIBL1-2006-1 
909 |a Λ  |b 117799 
909 |a Λ  |b 117940 
909 |a Λ  |b 117800 
920 |a ΔΙΕΥΡΥΝΣΗ  |b ΕΠΕΑΕΚ-ΤΕΘ  |y ΛΕΣΒΟΣ  |z 2005-10 
970 |a ΚΑΡΑ  |b ΓΙΑΣΕΜΗ  |z 2005/11/29